|
|
|
|
| LEADER |
00000nam a22000007a 4500 |
| 005 |
20150407155139.0 |
| 007 |
cr|||| |||| |
| 008 |
150407s2014 ag |||||s|||| 00||0 spa d |
| 020 |
|
|
|a 978-950-536-260-8
|
| 035 |
|
|
|a 12638
|
| 040 |
|
|
|a vLex
|
| 090 |
|
|
|c 5385
|d 5385
|
| 100 |
1 |
|
|a Susana Tabieres, Mara̕
|
| 245 |
1 |
0 |
|a Derechos de Propiedad Intelectual Anl̀isis sobre su naturaleza, aplicacin̤ y efectos
|h [Recurso electrn̤ico] /
|c Mara̕ Susana Tabieres, Mauro Fernando Leturia
|
| 256 |
|
|
|a Servicio en ln̕ea
|
| 260 |
|
|
|a La Plata:
|b Editora Platense,
|c 2014
|
| 300 |
|
|
|a 1 recurso electrn̤ico
|
| 506 |
1 |
|
|a Contenido disponible en los productos indicados
|d vLex Global
|d vLex Global (Academic Edition, excluding Law Schools)
|d vLex Global (U.S. Academic Edition, Law Schools)
|d vLex Global (U.S. Academic Edition, excluding Law Schools)
|d vLex Global (Academic Edition, Law Schools)
|
| 650 |
0 |
4 |
|a Propiedad intelectual
|z Argentina
|
| 700 |
1 |
|
|a Fernando Leturia, Mauro
|
| 740 |
0 |
|
|a vLex Libros (Servicio en ln̕ea)
|
| 856 |
4 |
0 |
|u http://vlex.com/source/derechos-propiedad-intelectual-analisis-naturaleza-aplicacion-efectos-12638
|z Acceso restringido
|
| 942 |
|
|
|c BOOK
|
| 999 |
0 |
|
|a Intellectual property
|